Outliers : (Record no. 22586)

MARC details
000 -LEADER
fixed length control field 01611nam a22002895a 4500
005 - DATE AND TIME OF LATEST TRANSACTION
control field 20081204134002.0
008 - FIXED-LENGTH DATA ELEMENTS--GENERAL INFORMATION
fixed length control field 080804s2008 nyu 000 0 eng
010 ## - LCCN (DPL NO)
LC control number B-315691 B-342083-084
020 ## - INTERNATIONAL STANDARD BOOK NUMBER
International Standard Book Number 9780141036243
Terms of availability 399.00
035 ## - SYSTEM CONTROL NUMBER
System control number B-315691 B-342083-084
037 ## - SOURCE OF ACQUISITION
Source of stock number/acquisition UBH/319/24.1.09/E-12/20.1.09/29.1.09
037 ## - SOURCE OF ACQUISITION
Source of stock number/acquisition Pansy Books
040 ## - CATALOGING SOURCE
Original cataloging agency dpl
Language of cataloging English
082 ## - DEWEY DECIMAL CLASSIFICATION NUMBER
Classification number 650.1
100 ## - MAIN ENTRY--PERSONAL NAME
Personal name Gladwell, Malcolm
245 ## - TITLE STATEMENT
Title Outliers :
Remainder of title the story of success /
Statement of responsibility, etc by Malcolm Gladwell
260 ## - PUBLICATION, DISTRIBUTION, ETC. (IMPRINT)
Place of publication, distribution, etc New Delhi
Name of publisher, distributor, etc Penguin Books
Date of publication, distribution, etc 2008
270 ## - ADDRESS
Address 11 Community Centre, Panchsheel Park,
City New Delhi
Postal code 110017
300 ## - PHYSICAL DESCRIPTION
Extent ix, 309p.
Dimensions 20cm.(pbk)
500 ## - GENERAL NOTE
General note Includes index
942 ## - ADDED ENTRY ELEMENTS (KOHA)
Source of classification or shelving scheme Dewey Decimal Classification
Item type English Books
Classification part 650.1
Call number suffix GLA
Holdings
Withdrawn status Lost status Source of classification or shelving scheme Damaged status Not for loan Collection code Home library Current library Date acquired Source of acquisition Cost, normal purchase price Total Checkouts Full call number Date last seen Copy number Cost, replacement price Koha item type Barcode
    Dewey Decimal Classification     Non-fiction Central Library Central Library 29/01/2009 UBH 399.00   650.1 GLA 29/01/2009 1 399.00 English Books  
  Written-off vide DLB M. No. 383 dt 16.05.19 Dewey Decimal Classification     Non-fiction Patel Nagar Patel Nagar 04/08/2009 Pansy Books /878/17.6.09/79/15.6.09/17.6.09 399.00   650.1 GLA 04/08/2009 1 399.00 English Books B-342083
  Written-off vide DLB M. No. 383 dt 16.05.19 Dewey Decimal Classification     Non-fiction Sarojini Nagar Sarojini Nagar 04/08/2009 Pansy Books /878/17.6.09/79/15.6.09/17.6.09 399.00 1 650.1 GLA 21/12/2009 1 399.00 English Books B-342084

© Delhi Public Library
Hit Counter
free hit counter